000 02476nam a2200361Ia 4500
999 _c47234
_d47234
001 14094
003 GE_BSU
005 20241106115238.0
008 181216s2014||||ge |||||||||||||| ||geo||
020 _a9789941451676
040 _cGE_BSU
041 _ageo
080 _a94(4) ს-61
100 _aსნაიდერი, ტიმოთი
_916635
245 _aსისხლიანი მიწები : ევროპა ჰიტლერსა და სტალინს შორის = Bloodlands Europe Between Hitler and Stalin
_cტიმოთი სნაიდერი ; მთარგმნ. გიორგი გურეშიძე ; სამეცნ. რედ. დავით კოპალიანი ; რედ. : ნანა დანელია, მაგდა კვაჭანტირაძე ; Heinrich Boll Stiftung South Caucasus.
264 _aთბილისი :
_bსაუნჯე,
_c2014.
300 _a742 გვ. ;
_c21 სმ.
440 _a
_923636
490 _aრადარამის წიგნები
_v14
500 _aთავფურცელი ქართულ და ინგლისურ ენებზე
500 _aწიგნი გამოიცა ჰაინრიხ ბიოლის ფონდის სამხრეთ კავკასიის რეგიონული ბიუროს მონაწილეობითა და ფინანსური მხარდაჭერით
653 _aსისხლიანი მიწები : ევროპა ჰიტლერსა და სტალინს შორის
653 _aევროპის ისტორია 1939-1945 წ.
653 _aსაბჭოთა კავშირის ისტორია 1939-1945 წ.
653 _aფაშიზმი გერმანიაში
653 _a ნაცისტური კონცლაგერები
653 _aჰოლოკოსტი
653 _aეთნიკური წმენდა აღმოსავლეთ ევროპის ქვეყნებში
700 _aდანელია, ნ.
_eრედაქტორი
_923637
700 _aკვაჭანტირაძე, მ.
_eრედაქტორი
_923638
700 _aგურეშიძე, გ.
_eმთარგმნელი
_923639
942 _cBK
_2udc